Weltseeverkehr in der Rezession

Saved in:
Bibliographic Details
Main Author: Böhme, Hans
Format: Book
Language:German
Published: Kiel Institut für Weltwirtschaft 1993
Edition:1. Aufl.
Series:Kieler Diskussionsbeiträge 207
Subjects:
Tags: Add Tag
No Tags, Be the first to tag this record!

MARC

LEADER 00000nam a2200000 4500
001 c005311
005 20250512095322.3
020 |a 3-89456-048-7 
041 0 |a ger 
044 |a DE 
245 1 0 |a Weltseeverkehr in der Rezession  |c Hans Böhme 
250 |a 1. Aufl. 
264 1 |a Kiel  |b Institut für Weltwirtschaft  |c 1993 
300 |a 44 s. 
490 1 |a Kieler Diskussionsbeiträge  |v 207 
830 0 |a Kieler Diskussionsbeiträge  |v 207 
610 2 0 |a doprava námorná 
610 2 0 |a loďstvo 
610 2 0 |a doprava nákladná 
610 2 0 |a trh vnútorný 
610 2 0 |a Európske spoločenstvá 
610 2 0 |a regulácia trhu 
610 2 0 |a prognózy 
610 2 0 |a 1993 
610 2 0 |a lode 
610 2 0 |a liberalizácia 
610 2 0 |a protekcionizmus 
610 2 0 |a bezpečnosť dopravy 
610 2 0 |a údaje štatistické 
100 1 |a Böhme, Hans